10 Largest Fast Food Chains In Canada - Statistics

General Stats
  • This quiz has been taken 63 times
  • The average score is 8 of 10
Answer Stats
Hint Answer % Correct
Burgers McDonald's
91%
Coffee Starbucks
89%
Coffee Tim Hortons
87%
Pizza Pizza Hut
83%
Sandwiches Subway
83%
Chicken KFC
76%
Pizza Domino's Pizza
72%
Burgers Wendy's
67%
Ice Cream Dairy Queen
63%
Burgers A&W
43%
No matching quizzes found
Score Distribution
Percent of People with Each Score
Percentile by Number Answered
Your Score History
You have not taken this quiz